| 000 | 01488nam0a2200313 i 4500 | ||
|---|---|---|---|
| 001 | RU\NLR\bibl\2027365 | ||
| 005 | 20240921192531.0 | ||
| 010 |
_a9785903878321 _9100 |
||
| 021 |
_aRU _b2013-26274 _91811 |
||
| 035 | _a(NLR Aleph) 002015341 | ||
| 090 |
_a4478693 _c4478693 |
||
| 100 | _a20130423d2012 u y0rusy50 ca | ||
| 101 | 0 | _arus | |
| 102 | _aRU | ||
| 105 | _aa ||||||||| | ||
| 200 | 1 |
_aМетодика преподавания курса "Маркетинг" _eучебное пособие _fЕ.Ю. Бобкова, А.И. Кривцов _gМ-во образования и науки Рос. Федерации, Самар. ин-т (фил.) Федер. гос. бюджет. образоват. учреждения высш. проф. образования "Рос. гос. торг.-экон. ун-т" |
|
| 210 |
_aСамара _cСамарский институт (филиал) РГТЭУ _d2012 |
||
| 215 |
_a104 с. _cсхем. _d20 |
||
| 320 | _aБиблиогр.: с. 81-104 (201 назв.) | ||
| 606 | 1 |
_aМаркетинг _jУчебные издания _xПреподавание _xВысшая школа _92090358 _3RU\NLR\auth\661265264 |
|
| 686 | _aЧ486.96я7 | ||
| 700 | 1 |
_aБобкова _bЕ. Ю. _gЕлена Юрьевна _4070 |
|
| 701 | 1 |
_aКривцов _bА. И. _gАртем Игоревич _4070 |
|
| 801 | 0 |
_aRU _bNLR _c20130423 _gRCR |
|
| 801 | 1 |
_aRU _bNLR _c20130423 |
|
| 830 | _aавт. по ЭК | ||
| 942 | _cBOOK | ||
| 980 | _aNBR | ||